Estudios literarios : capítulos de literatura centroamericana /
সংরক্ষণ করুন:
| প্রধান লেখক: | |
|---|---|
| বিন্যাস: | অজ্ঞাত |
| ভাষা: | Spanish |
| প্রকাশিত: |
San Salvador :
Minist. de Cultura El Salvador,
1956.
|
| বিষয়গুলি: | |
| ট্যাগগুলো: |
ট্যাগ যুক্ত করুন
কোনো ট্যাগ নেই, প্রথমজন হিসাবে ট্যাগ করুন!
|
MARC
| LEADER | 000000000a22000000004500 | ||
|---|---|---|---|
| 001 | 014087 | ||
| 041 | 0 | |a spa | |
| 082 | 0 | 4 | |a A860.9 |b L253e |
| 100 | 1 | |a Landarech, Alfonso María, |d 1906- | |
| 245 | 1 | 0 | |a Estudios literarios : |b capítulos de literatura centroamericana / |c Alfonso María Landarech. |
| 260 | 1 | |a San Salvador : |b Minist. de Cultura El Salvador, |c 1956. | |
| 300 | |a 282 páginas | ||
| 650 | 4 | |a LITERATURA CENTROAMERICANA | |
| 650 | 4 | |a HISTORIA | |
| 650 | 4 | |a CRITICA | |
| 500 | |a Colección George Yúdice | ||
| 999 | |c 19986 |d 19986 | ||
| 942 | |c BK |h A860.9 L253e |2 z | ||
